UM Logo

Television consumption drives perceptions of female body attractiveness in a population technological transition / (Record no. 20653)

MARC details
000 -LEADER
fixed length control field 01338nam a22002777a 4500
005 - DATE AND TIME OF LATEST TRANSACTION
control field 20260305111905.0
008 - FIXED-LENGTH DATA ELEMENTS--GENERAL INFORMATION
fixed length control field 240820b ||||| |||| 00| 0 eng d
082 ## - DEWEY DECIMAL CLASSIFICATION NUMBER
Classification number DPer 155.205 J826 October-December 2020 v. 119 n. 4-6
100 ## - MAIN ENTRY--PERSONAL NAME
Personal name Boothroyd, Lynda G.
Relator term author.
9 (RLIN) 58314
245 ## - TITLE STATEMENT
Title Television consumption drives perceptions of female body attractiveness in a population technological transition /
Statement of responsibility, etc. Lynda G. Boothroyd, Tracey Thornborrow, Elizabeth H. Evans, Jean-Luc Jucker, Robert A. Barton, Michael Burt, Mark A. Jamieson, and Martin J. Tovee.
260 ## - PUBLICATION, DISTRIBUTION, ETC. (IMPRINT)
Place of publication, distribution, etc. Washington, DC ;
Name of publisher, distributor, etc. American Psychological Association ,
Date of publication, distribution, etc. October 2020.
300 ## - PHYSICAL DESCRIPTION
Extent Volume 119, pages 839-860 :
Other physical details illustration ;
Dimensions 28 cm.
500 ## - GENERAL NOTE
General note Journal of Personality and Social Psychology, vol. 119, no. 4, pages 389-860, October 2020.
650 ## - SUBJECT ADDED ENTRY--TOPICAL TERM
Topical term or geographic name as entry element Perception.
9 (RLIN) 61125
650 ## - SUBJECT ADDED ENTRY--TOPICAL TERM
Topical term or geographic name as entry element Shape.
9 (RLIN) 61126
650 ## - SUBJECT ADDED ENTRY--TOPICAL TERM
Topical term or geographic name as entry element Size.
9 (RLIN) 61127
700 ## - ADDED ENTRY--PERSONAL NAME
Personal name Boothroyd, Lynda G.
Relator term author.
9 (RLIN) 58314
700 ## - ADDED ENTRY--PERSONAL NAME
Personal name Thornborrow, Tracey
Relator term author.
9 (RLIN) 58315
700 ## - ADDED ENTRY--PERSONAL NAME
Personal name Evans, Elizabeth H.
Relator term author.
9 (RLIN) 58316
700 ## - ADDED ENTRY--PERSONAL NAME
Personal name Jucker, Jean-Luc.
Relator term author.
9 (RLIN) 58317
700 ## - ADDED ENTRY--PERSONAL NAME
Personal name Barton, Robert A.
Relator term author.
9 (RLIN) 58318
700 ## - ADDED ENTRY--PERSONAL NAME
Personal name Burt, Michael.
Relator term author.
9 (RLIN) 58319
700 ## - ADDED ENTRY--PERSONAL NAME
Personal name Jamieson, Mark A.
Relator term author.
9 (RLIN) 58320
700 ## - ADDED ENTRY--PERSONAL NAME
Personal name Tovee, Martin J.
Relator term author.
9 (RLIN) 58321
942 ## - ADDED ENTRY ELEMENTS (KOHA)
Source of classification or shelving scheme Dewey Decimal Classification
Koha item type Periodicals
Holdings
Withdrawn status Lost status Source of classification or shelving scheme Damaged status Not for loan Collection code Home library Current library Date acquired Total Checkouts Full call number Date last seen Price effective from Koha item type Public note
    Dewey Decimal Classification     Periodicals UM Digos College - LIC UM Digos College - LIC 08/20/2024   DPer 155.205 J826 October-December 2020 v. 119 n. 4-6 08/20/2024 08/20/2024 Periodicals Periodical Article